| 000 | 02291nam a2200421 c 4500 | ||
|---|---|---|---|
| 001 | 58640 | ||
| 003 | CO-BoRNBP | ||
| 005 | 20250827154210.0 | ||
| 007 | ta | ||
| 008 | 210823s2019 mx a cr 000 fdspa d | ||
| 020 | _a9789681645434 | ||
| 040 |
_aCO-BoRNBP _bspa _erda _cCO-BoRNBP |
||
| 041 | 1 |
_aspa _heng |
|
| 043 | _an-us--- | ||
| 084 | _aN | ||
| 100 |
_aMartin, Ann Matthews, _d1955- _eaut _963724 |
||
| 245 | 1 | 0 |
_aMa y Pa Drácula / _cAnn Martin ; ilustrado por Antonio Helguera ; traducido por Mónica Mansour. |
| 250 | _aTercera edición, octava reimpresión, decimo quinta reimpresión | ||
| 264 | 1 |
_aMéxico : _bFondo de Cultura Económica, _c2013 |
|
| 300 |
_a118 páginas : _bilustraciones |
||
| 336 |
_atexto _btxt _2rdacontent |
||
| 337 |
_asin mediación _bn _2rdamedia |
||
| 338 |
_avolumen _bnc _2rdacarrier |
||
| 490 |
_aA la orilla del viento. _v15 |
||
| 500 | _aIncluye datos biográficos de la autora e ilustrador en la contracarátula | ||
| 505 | 0 | _aLa mudanza -- Tobi -- La escuela primaria Littleton -- Mamá y papá Drácula -- ¿Qué es una cafetería? -- ¡No muerdas! -- La noche más pavorosa del año -- Plata y ajo -- El depósito está vacío -- Otra mudanza | |
| 520 | 3 | _a"Jonathan Primavo duerme durante el día y estudia durante la noche, mientras sus padres van a trabajar al banco de sangre. Un día que no puede dormir, descubre que el mundo que conocía por sus libros realmente no existe, y no sólo eso, conoce a una amiga: Tobi. También descubre que sus padres son vampiros, pero lo dejan ir a la escuela y hasta organizar una fiesta en su casa. Jonathan tiene miedo de que uno de sus padres muerda a alguno de sus amigos, pero todo sale bien. Lo malo es que tiene que mudarse nuevamente. ¿Cómo va a conseguir amigos si se la pasan viajando?" | |
| 521 | _aRecomendado para un público infantil mayor de 9 años | ||
| 534 | _tMa and Pa Dracula | ||
| 650 | 0 | 4 |
_aNovela infantil estadounidense _ySiglo XX _2LEMB _961063 |
| 650 | 0 | 7 |
_aVampiros _vNovela _2lemb _963725 |
| 650 | 0 | 0 |
_aFamilia en la literatura _2LEMB _91235 |
| 650 | 0 | 4 |
_aLiteratura infantil estadounidense _ySiglo XX _2LEMB _9817 |
| 655 |
_aNovela _963194 |
||
| 700 |
_aHelguera, Antonio _eill _963726 |
||
| 700 |
_aMansour, Mónica, _d1946- _etrl _962689 |
||
| 942 |
_2loc _cBKLITI |
||
| 999 |
_c58640 _d58640 |
||